| 000 | 00397nam a2200145 u 4500 | ||
|---|---|---|---|
| 001 | 000020400 | ||
| 005 | 20200929170412.0 | ||
| 008 | 100813s1945 000 0 spa d | ||
| 040 |
_aDO-SdBNP _bspa _cBNPHU |
||
| 082 |
_axxx _bxxxx |
||
| 100 | 1 |
_aTagore, Rabindranath _943058 |
|
| 245 | 1 | 0 |
_aLa cosecha / _cRabindranath Tagore. |
| 260 |
_aBuenos Aires, : _bLosada, _c1945. |
||
| 300 |
_a123 p ; _c19 cm. |
||
| 999 |
_c19904 _d19904 |
||